Fictional Races Quiz Stats

 Plays Quiz Updated Nov 14, 2014

Score 0/18 Timer 03:00
0 Plays Today
% Correct
Charlie and the Chocolate Factory
97%
Star Wars
93.5%
The Wizard of Oz
88.1%
Harry Potter
84.4%
Avatar
79.8%
Star Trek
76.1%
Transformers
75.8%
Percy Jackson & the Olympians
74.4%
Doctor Who
66.8%
% Correct
The Lord of the Rings
65.3%
Battlestar Galactica
58.2%
The War of the Worlds
51.6%
The Hitchhiker's Guide to the Galaxy
44.8%
Mork and Mindy
42.8%
Popeye
41.4%
The Time Machine
41.2%
The Dark Crystal
40.4%
Gulliver's Travels
39.9%

You're not logged in!

Compare scores with friends on all Sporcle quizzes.
OR
Log In

Show Comments

Extras

Top Quizzes Today


Score Distribution

Your Account Isn't Verified!

In order to create a playlist on Sporcle, you need to verify the email address you used during registration. Go to your Sporcle Settings to finish the process.

Report this User

Report this user for behavior that violates our Community Guidelines.

Details: